OSMANLI TARİHİ ERTUĞRUL BEY,OSMAN BEY, ORHAN BEY VE 1. MURAT DÖNEMLERİ (Record no. 798395)

MARC details
000 -LEADER
sabit uzunluktaki kontrol alanı 00306nam a2200097Ia 4500
001 - KONTROL NUMARASI
kontrol alanı 798395
005 - EN SON İŞLEMİN TARİH VE ZAMANI
kontrol alanı 20250826170826.0
008 - SABİT-UZUNLUKTA VERİ ÖĞELERİ--GENEL BİLGİ
sabit uzunluktaki kontrol alanı 250824s9999 xx 000 0 und d
245 #0 - ESER / YAZAR
ESER ADI OSMANLI TARİHİ ERTUĞRUL BEY,OSMAN BEY, ORHAN BEY VE 1. MURAT DÖNEMLERİ
Yazar Adı ZEHRA AYGÜL
260 ## - YAYIN, DAĞITIM, VB.
YAYIN EVİ UĞUR BÖCEĞİ YAYINLARI

No items available.